|
|
|
|
| LEADER |
00000nam2a2200000 4500 |
| 001 |
316120 |
| 005 |
20231102002838.0 |
| 035 |
|
|
|a (RuTPU)RU\TPU\book\341558
|
| 035 |
|
|
|a RU\TPU\book\341256
|
| 090 |
|
|
|a 316120
|
| 100 |
|
|
|a 20160310d1970 k y0rusy50 ca
|
| 101 |
0 |
|
|a rus
|
| 102 |
|
|
|a RU
|
| 105 |
|
|
|a a z 001zb
|
| 200 |
0 |
|
|a Сб. 81 : Местные географические термины
|e [сборник]
|f отв. ред. Е. М. Поспелов , Н. И. Толстой
|
| 210 |
|
|
|a Москва
|c Мысль
|d 1970
|
| 215 |
|
|
|a 224 с.
|c ил.
|
| 320 |
|
|
|a Библиогр. в конце ст.
|
| 461 |
|
1 |
|0 (RuTPU)RU\TPU\book\142639
|t Вопросы географии
|o [сборник]
|f Географическое общество Союза ССР, Московский филиал
|v Сб. 81 : Местные географические термины
|d 1946-1988
|s Научные сборники московского филиала Географического общества Союза ССР
|
| 600 |
|
1 |
|a Мурзаев
|b Э. М.
|c физикогеограф, топонимист
|c доктор географических наук, профессор, заслуженный деятель науки РСФСР
|f 1908-1998
|g Эдуард Макарович
|2 stltpush
|3 (RuTPU)RU\TPU\pers\42299
|9 21513
|
| 606 |
1 |
|
|a Географические названия в русском языке
|2 stltpush
|3 (RuTPU)RU\TPU\subj\5912
|9 33897
|
| 610 |
1 |
|
|a топонимика
|
| 610 |
1 |
|
|a термины
|
| 610 |
1 |
|
|a семантические модели
|
| 610 |
1 |
|
|a Русский Север
|
| 610 |
1 |
|
|a диалектология
|
| 610 |
1 |
|
|a Кубань
|
| 610 |
1 |
|
|a селькупы
|
| 610 |
1 |
|
|a Средняя Азия
|
| 610 |
1 |
|
|a Казахстан
|
| 686 |
|
|
|a Ш141.2-3
|v LBC/SL-A
|2 rubbk
|
| 702 |
|
1 |
|a Поспелов
|b Е. М.
|4 340
|
| 702 |
|
1 |
|a Толстой
|b Н. И.
|4 340
|
| 801 |
|
1 |
|a RU
|b 63413507
|c 20160315
|
| 801 |
|
2 |
|a RU
|b 63413507
|c 20190718
|g RCR
|
| 942 |
|
|
|c BK
|